|
|
|
|
| LEADER |
00695cam a2200169ua 4500 |
| 020 |
|
|
|a 81-264-1436-3
|
| 082 |
|
|
|a 894.812 1
|b BAL/B
|
| 100 |
0 |
|
|a ബാലചന്ദ്രൻ ചുള്ളിക്കാട്
|
| 245 |
0 |
0 |
|a ബാലചന്ദ്രൻ ചുള്ളിക്കാടിന്റെ പ്രണയകവിതകൾ
|
| 260 |
|
|
|a Kottayam
|b D C Books
|c 2007
|
| 300 |
|
|
|a 64p.
|
| 650 |
0 |
|
|a Balachandran Chullikkadinte pranayakavithakal
|
| 650 |
0 |
|
|a Poetry- Malayalam literature
|
| 700 |
|
|
|a Balachandran Chullikkad
|
| 942 |
|
|
|c BK
|
| 999 |
|
|
|c 15923
|d 15923
|
| 952 |
|
|
|0 0
|1 0
|4 0
|6 894_812000000000000_1_BALB
|7 0
|9 16599
|a KUCL
|b KUCL
|d 2014-05-23
|l 0
|o 894.812 1 BAL/B
|p 18111
|r 2014-05-23
|y BK
|